LEADER 01158nam a2200265 i 4500 001 000000055967 003 CaOOAMICUS 005 20101119000000.0 008 101119s1996 it u000 u ita u 013 $a27139 020 $a8831511904 040 $aSeMil$bita 100 1 $aBasadonna, Giorgio,$d<1922-2008>.$0(OLS)http://semarc/name/15224 245 10$aCardinal Schuster :$bun monaco vescovo nella dinamica Milano /$cGiorgio Basadonna. 260 $aMilano :$bPaoline,$ccopyr. 1996. 300 $a78 p., [8] p. di tav. ;$c20 cm. 490 0 $aTestimoni di ieri e di oggi ;$v18 600 14$aSchuster, Alfredo Ildefonso .$0(OLS)http://semarc/subject/2420 830 0$aTestimoni di ieri e di oggi ;$v18.$0(OLS)http://semarc/title/13487 850 $aSeMil 852 $aSeMil$W1$xVenegono$y1$m3J I 304$j22121$B22121$CSeMilBibl$Z2$F22123 $81 961 $aOmaggio: Poma mons. Gianfranco 996 $6020$a8831511904$9(OLS)http://semarc/number/31084 996 $6245$aCardinal Schuster :$bun monaco vescovo nella dinamica Milano$9(OLS)http://semarc/title/86915 996 $6260$aMilano :$bPaoline$9(OLS)http://semarc/publisher/29684 LEADER 01103nam a2200277 4500 001 000000367239 003 CaOOAMICUS 005 20260416124209.0 008 260415s1993 it 000 u ita r 020 $a978-88-15-25387-3 040 $aSeMil$bita 100 1 $aFumagalli, Vito,$d<1938-1997>.$0(OLS)http://semarc/name/11012 245 12$aL'alba del Medioevo /$cVito Fumagalli. 264 1$aBologna :$bIl Mulino,$c1993. 300 $a99 p. ;$c21 cm 490 1 $aIntersezioni ;$v109 650 4$aEuropa - Storia - Sec. 6.$0(OLS)http://semarc/subject/5419 650 4$aMedioevo - Storia.$0(OLS)http://semarc/subject/44562 830 0$aIntersezioni ;$v109.$0(OLS)http://semarc/title/6889 850 $aSeMil 852 $aSeMil$W1$xVenegono$y1$m3T I 98$j270295$B257960$CSeMilBibl$Z2$F257960 $81 961 $aCaspani Maurizio - Lascito 996 $6020$a978-88-15-25387-3$9(OLS)http://semarc/number/305670 996 $6245$aL'alba del Medioevo$9(OLS)http://semarc/title/459134 996 $6264$aBologna :$bIl Mulino$9(OLS)http://semarc/publisher/29842